000 00521cam a22001814a 4500
020 _a0896291170
040 _cDLC
082 0 0 _a381 IFPRI 2000 C141 Or.
100 1 _aMinot, Nicholas.
245 1 0 _aRice market liberalization and poverty in Viet Nam /
260 _aWashington, D.C. :
_bInternational Food Policy Research Institute,
_cc2000.
300 _axiii, 113 p. :
_bill. ;
_c25 cm.
490 1 _aResearch report ;
650 0 _aRice trade
650 0 _aPoor
700 1 _aGoletti, Francesco,
942 _cAEDBB
999 _c18289
_d18289